| 000 | 00652nam a2200241 a 4500 | ||
|---|---|---|---|
| 001 | 55713 | ||
| 003 | BD-RjUL | ||
| 005 | 20211209080314.0 | ||
| 008 | 161121s1970 enkaf 001 0 eng | ||
| 035 | _a(BD-RjUL)55837 | ||
| 040 |
_aDLC _erda _cWSU _dOCL _dEQO _dBD-RjUL _beng |
||
| 041 | _aeng | ||
| 082 |
_a535 _223 _bMAT 1970 |
||
| 100 | 1 |
_aMazumdar K. G. _9165936 |
|
| 245 | 1 | 2 |
_aA text book on light / _cby K. G. Mazumdar |
| 250 | _a10th ed. | ||
| 260 |
_aAgents : _bModern Book Ageny Lit _c1970 |
||
| 300 |
_ax, 727 p : _bill. ; _c23 cm |
||
| 500 | _aIncludes index. | ||
| 650 | 0 |
_aLight. _9165937 |
|
| 650 | 0 |
_aOptics. _9165938 |
|
| 942 |
_2ddc _cBK |
||
| 999 |
_c55713 _d55713 |
||